Documentos relativos a la causa formada a don Antonio Winderhalder por la muerte de don Estanislao Sánchez /
Se compilan aquí los documentos del proceso penal al que se vio sometido Antonio Winderhalder, acusado de asesinar a Estanislao Sánchez en 1875, por conflictos relacionados con una mujer pretendida por ambos. Incluye el texto de la defensa hecha por Esteban Alatorre. Winderhalder fue absuelto, al pr...
Na minha lista:
| Autor principal: | |
|---|---|
| Formato: | Livro |
| Idioma: | espanhol |
| Assuntos: | |
| Tags: |
Sem tags, seja o primeiro a adicionar uma tag!
|
MARC
| LEADER | 00000nam^a2200000^a^4500 | ||
|---|---|---|---|
| 001 | 000132354 | ||
| 005 | 20250526000000.0 | ||
| 009 | 20260310095054.719 | ||
| 037 | |a Acervo ITESO - Biblioteca | ||
| 041 | |a ESP | ||
| 082 | |a 345. 723502523 |b WIN | ||
| 100 | |a Winderhalder, Antonio |e (ed.) | ||
| 245 | 1 | 0 | |a Documentos relativos a la causa formada a don Antonio Winderhalder por la muerte de don Estanislao Sánchez / |c Ed. de A. Winderhalder. |
| 264 | |a Guadalajara, México : |b Tipografía de Sinforoso Banda, |c 1875 | ||
| 300 | |a 60 p. ; |c 22.0 cm. | ||
| 520 | |a Se compilan aquí los documentos del proceso penal al que se vio sometido Antonio Winderhalder, acusado de asesinar a Estanislao Sánchez en 1875, por conflictos relacionados con una mujer pretendida por ambos. Incluye el texto de la defensa hecha por Esteban Alatorre. Winderhalder fue absuelto, al probarse que disparó en defensa propia. | ||
| 649 | |a XX | ||
| 650 | |a Asesinato |z Jalisco - |x Historia - |y 1872-1876 | ||
| 650 | |a Asesinato |z México - |x Historia - |y 1872-1876 | ||
| 650 | |a Delitos contra la Vida - |z Jalisco - |x Historia - |y 1872-1876 | ||
| 650 | |a Delitos contra la Vida - |z México - |x Historia - |y 1872-1876 | ||
| 650 | |a Juicios Penales - |z Jalisco - |x Historia - |y 1872-1876 | ||
| 650 | |a Juicios Penales - |z México - |x Historia - |y 1872-1876 | ||
| 650 | |a Derecho Procesal Penal - |z Jalisco - |x Historia - |y 1872-1876 | ||
| 650 | |a Derecho Procesal Penal - |z México - |x Historia - |y 1872-1876 | ||
| 650 | |a Derecho Penal - |z Jalisco - |x Historia - |y 1872-1876 | ||
| 650 | |a Derecho Penal - |z México - |x Historia - |y 1872-1876 | ||
| 650 | |a Derecho Público - |z Jalisco - |x Historia - |y 1872-1876 | ||
| 650 | |a Derecho Público - |z México - |x Historia - |y 1872-1876 | ||
| 650 | |a Jalisco - |x Historia - |y 1872-1876 | ||
| 650 | |a México - |x Historia - |y 1872-1876 | ||
| 650 | |a Winderhalder, Antonio - |x Tema Principal | ||
| 650 | |a Sánchez, Estanislao - |x Tema Principal | ||
| 910 | |a Fondo Salvador Reynoso Reynoso | ||
| 920 | |a Impresos - Libros | ||
| 930 | |a Libros Antiguos y Raros | ||
| 905 | |a 108 | ||
| 901 | |a 0800012285 |b IT2 |c LRA |u 20250526 | ||
| 902 | |a https://opac.biblio.iteso.mx/vufind/Record/000132354 | ||